| 000 | 01792nam0a2200397 4500 | ||
|---|---|---|---|
| 001 | RU\NLR\BIBL_A\016336835 | ||
| 005 | 20230419154646.0 | ||
| 010 | _a978-5-4461-0882-4 | ||
| 021 |
_aRU _bКН-П-23-013446 _9КН-П-23-1328 |
||
| 035 | _a(NLR Aleph) 016336835 | ||
| 035 | _a(RuMoRGB)011626399 | ||
| 090 |
_a13078747 _c13078747 |
||
| 100 | _a20230407d2023 u y0rusy50 ca | ||
| 101 | 1 |
_arus _ceng |
|
| 102 | _aRU | ||
| 105 | _aa|||z|||000zy | ||
| 181 | 0 |
_ai _baxxe |
|
| 182 | 0 | _an | |
| 200 | 1 |
_aДальние пределы человеческой психики _fАбрахам Маслоу _g[перевела с английского О. Чекчурина] |
|
| 203 |
_aТекст _bвизуальный _cнепосредственный |
||
| 210 |
_aСанкт-Петербург [и др.] _cПитер _d2023 |
||
| 215 |
_a444 с. _cтабл. _d24 |
||
| 225 | 1 | _aМастера психологии | |
| 300 | _aЗагл. и авт. ориг.: The farther reaches of human nature / Abraham H. Maslow | ||
| 300 | _aНа обороте тит. с. в аннот. авт.: А. Г. Маслоу - психолог | ||
| 320 | _aБиблиогр.: с. 431-444 (165 назв.) | ||
| 333 | _a16+ | ||
| 454 | 0 |
_12001#$aThe farther reaches of human nature _1700#1$aMaslow$bA. H.$f1908-1970$gAbraham Harold$3RU\NLR\AUTH\770255101 _tThe farther reaches of human nature _aMaslow, Abraham Harold (1908-1970) |
|
| 606 | 1 |
_aПсихология личности _92224932 _3RU\NLR\AUTH\6601568696 |
|
| 686 | 1 | _aЮ91(7США)6-759 | |
| 686 | 1 | _aЮ937 | |
| 700 | 1 |
_7ca _8rus _aМаслоу _bА. Х. _f1908-1970 _gАбрахам Харольд _989750 _3RU\NLR\AUTH\77106825 |
|
| 942 | _cBOOK | ||
| 980 | _aNB | ||